[Event "FIN-chT2 Gp4 1819"]
[Site "Finland"]
[Date "2018.11.10"]
[Round "4.4"]
[White "Peuraniemi, Pertti"]
[Black "Rajamaki, Keijo"]
[Result "1-0"]
[WhiteElo "1981"]
[BlackElo "1886"]
[PlyCount "61"]
[EventDate "2018.09.15"]
[EventType "team-tourn"]
[EventRounds "6"]
[EventCountry "FIN"]
[SourceTitle "EXT 2020"]
[Source "ChessBase"]
[SourceDate "2019.10.17"]
[SourceVersion "1"]
[SourceVersionDate "2019.10.17"]
[SourceQuality "1"]
[WhiteTeam "Oulu OSS"]
[BlackTeam "Kankaanpaa SK"]
[WhiteTeamCountry "FIN"]
[BlackTeamCountry "FIN"]

1. e4 e5 2. Nf3 Nc6 3. Bc4 Nf6 4. Ng5 d5 5. exd5 Na5 6. Bb5+ c6 7. dxc6 bxc6 8. Be2 h6 9. Nf3 e4 10. Ne5 Qd4 11. f4 exf3 12. Nxf3 Qb6 13. d4 Be6 14. 0-0 Rd8 15. Kh1 c5 16. c3 Bd6 17. Qa4+ Bd7 18. Qc2 0-0 19. Be3 c4 20. Ne5 Bxe5 21. dxe5 Qxe3 22. exf6 Bc6 23. fxg7 Rfe8 24. Bh5 Re7 25. Qc1 Qh3 26. Bf3 Bxf3 27. Rxf3 Qe6 28. Na3 Qe2 29. Qf4 Rd2 30. Rg1 Rxb2 31. Qxh6 1-0

[Event "FIN-chT2 Gp4 1718"]
[Site "Finland"]
[Date "2017.10.21"]
[Round "2.3"]
[White "Peuraniemi, Pertti"]
[Black "Dannenberg, Alia"]
[Result "1/2-1/2"]
[WhiteElo "1984"]
[BlackElo "1978"]
[PlyCount "62"]
[EventDate "2017.09.11"]
[EventType "team-tourn"]
[EventRounds "7"]
[EventCountry "FIN"]
[SourceTitle "EXT 2020"]
[Source "ChessBase"]
[SourceDate "2019.10.17"]
[SourceVersion "1"]
[SourceVersionDate "2019.10.17"]
[SourceQuality "1"]
[WhiteTeam "Oulu OSS"]
[BlackTeam "Joensuu SK II"]
[WhiteTeamCountry "FIN"]
[BlackTeamCountry "FIN"]

1. e4 d5 2. exd5 Qxd5 3. Nc3 Qa5 4. d4 Nf6 5. Nf3 Bf5 6. Bc4 c6 7. Bd2 Qc7 8. Qe2 e6 9. Nh4 Bxc2 10. Rc1 Bg6 11. d5 Bh5 12. f3 e5 13. Nb5 cxb5 14. Bxb5+ Nc6 15. dxc6 b6 16. Nf5 Bg6 17. Ne3 Be7 18. 0-0 0-0 19. Rfd1 Rfd8 20. Be1 Bc5 21. Bf2 e4 22. Bg3 Rxd1+ 23. Rxd1 exf3 24. Qxf3 Qe7 25. Bf2 Be4 26. Qh3 a6 27. Bxa6 Bxc6 28. Ng4 Bxf2+ 29. Nxf2 Bd7 30. Qd3 Qc5 31. Bc4 Rc8 1/2-1/2

[Event "FIN-chT 1617"]
[Site "Finland"]
[Date "2017.02.03"]
[Round "9.7"]
[White "Fieandt, John"]
[Black "Peuraniemi, Pertti"]
[Result "1-0"]
[WhiteElo "2154"]
[BlackElo "2005"]
[PlyCount "55"]
[EventDate "2016.09.17"]
[EventType "team-tourn"]
[EventRounds "11"]
[EventCountry "FIN"]
[SourceTitle "EXT 2022"]
[Source "ChessBase"]
[SourceDate "2021.10.06"]
[SourceVersion "1"]
[SourceVersionDate "2021.10.06"]
[SourceQuality "1"]
[WhiteTeam "Jyvaskyla JyS"]
[BlackTeam "Oulu OSS"]
[WhiteTeamCountry "FIN"]
[BlackTeamCountry "FIN"]

1. d4 Nf6 2. c4 e5 3. dxe5 Ng4 4. Nf3 Bc5 5. e3 Nc6 6. Be2 Ngxe5 7. Nxe5 Nxe5 8. 0-0 0-0 9. Nc3 a5 10. Na4 Be7 11. c5 d6 12. Qc2 Bd7 13. f4 Nc6 14. a3 Re8 15. Rd1 Qc8 16. cxd6 Bxd6 17. Rxd6 cxd6 18. Nb6 Qd8 19. Nxa8 Qxa8 20. Bd3 h6 21. Bd2 Qa7 22. Re1 Rc8 23. Qd1 Ne7 24. Kh1 d5 25. Bc3 Qc5 26. Qh5 f5 27. h3 a4 28. Bb4 1-0

[Event "FIN-chT 1617"]
[Site "Finland"]
[Date "2016.12.11"]
[Round "6.8"]
[White "Salopaa, Tero"]
[Black "Peuraniemi, Pertti"]
[Result "1/2-1/2"]
[WhiteElo "2092"]
[BlackElo "2005"]
[PlyCount "82"]
[EventDate "2016.09.17"]
[EventType "team-tourn"]
[EventRounds "11"]
[EventCountry "FIN"]
[SourceTitle "EXT 2018"]
[Source "ChessBase"]
[SourceDate "2017.10.13"]
[SourceVersion "1"]
[SourceVersionDate "2017.10.13"]
[SourceQuality "1"]
[WhiteTeam "Turku TuTS"]
[BlackTeam "Oulu OSS"]
[WhiteTeamCountry "FIN"]
[BlackTeamCountry "FIN"]

1. d4 d5 2. Nf3 Nf6 3. Bf4 e6 4. e3 c5 5. c3 Nc6 6. Bd3 Bd6 7. g3 0-0 8. Nbd2 Re8 9. dxc5 Bxc5 10. Ne5 Nxe5 11. Bxe5 Nd7 12. Bd4 e5 13. Bxc5 Nxc5 14. Nb3 Nxd3+ 15. Qxd3 Bg4 16. Nd2 d4 17. f3 dxe3 18. Qxe3 Bf5 19. 0-0 f6 20. Ne4 Bxe4 21. fxe4 Re6 22. Rad1 Rd6 23. Rxd6 Qxd6 24. Rf2 Qa6 25. b3 Rd8 26. Rd2 Rxd2 27. Qxd2 h6 28. Kf2 Kh7 29. c4 Qb6+ 30. Qe3 Qa5 31. a4 b6 32. Ke2 Qb4 33. Kd1 Qa3 34. Qc3 Qa2 35. Qc2 Qa1+ 36. Kd2 Qg1 37. Kc3 Qd4+ 38. Kb4 Qc5+ 39. Kc3 Qd4+ 40. Kb4 Qc5+ 41. Kc3 Qd4+ 1/2-1/2

[Event "FIN-chT2 Gp4 1617"]
[Site "Finland"]
[Date "2016.10.08"]
[Round "3.1"]
[White "Peuraniemi, Pertti"]
[Black "Lehtila, Taneli"]
[Result "0-1"]
[WhiteElo "2005"]
[BlackElo "2091"]
[PlyCount "100"]
[EventDate "2016.09.17"]
[EventType "team-tourn"]
[EventRounds "7"]
[EventCountry "FIN"]
[SourceTitle "EXT 2019"]
[Source "ChessBase"]
[SourceDate "2018.10.10"]
[SourceVersion "1"]
[SourceVersionDate "2018.10.10"]
[SourceQuality "1"]
[WhiteTeam "Oulu OSS II"]
[BlackTeam "Pori PSY"]
[WhiteTeamCountry "FIN"]
[BlackTeamCountry "FIN"]

1. e4 e5 2. Nf3 Nc6 3. Bb5 Nf6 4. 0-0 Nxe4 5. Re1 Nd6 6. Nxe5 Be7 7. Bf1 Nxe5 8. Rxe5 0-0 9. Nc3 Ne8 10. Nd5 Bd6 11. Re1 c6 12. Ne3 Bc7 13. c4 d5 14. cxd5 cxd5 15. d4 Nf6 16. Bd3 Be6 17. Bd2 Qd7 18. Rc1 Rac8 19. Bb4 Rfe8 20. a4 a6 21. Ba3 Ba5 22. b4 Bb6 23. b5 Rxc1 24. Bxc1 Bxd4 25. bxa6 bxa6 26. Bxa6 Qa7 27. Bb5 Rc8 28. Re2 Ne4 29. Bb2 Bxb2 30. Rxb2 d4 31. Nc2 Nc3 32. Qf1 Nxa4 33. Rb4 Rxc2 34. Rxa4 Qb6 35. Ra8+ Rc8 36. Rxc8+ Bxc8 37. h3 g6 38. Qe2 Be6 39. Bd3 Qc5 40. Qf3 Qe5 41. Kf1 Bd5 42. Qd1 Qh2 43. Qg4 Qh1+ 44. Ke2 Qxg2 45. Qxg2 Bxg2 46. h4 Kg7 47. Kd2 Kf6 48. Bc4 Be4 49. f4 Kf5 50. Bxf7 Kg4 0-1

[Event "FIN-chT2 Gp4 1617"]
[Site "Finland"]
[Date "2016.10.07"]
[Round "1.1"]
[White "Granat, Simo"]
[Black "Peuraniemi, Pertti"]
[Result "1-0"]
[WhiteElo "1984"]
[BlackElo "2005"]
[PlyCount "103"]
[EventDate "2016.09.17"]
[EventType "team-tourn"]
[EventRounds "7"]
[EventCountry "FIN"]
[SourceTitle "EXT 2019"]
[Source "ChessBase"]
[SourceDate "2018.10.10"]
[SourceVersion "1"]
[SourceVersionDate "2018.10.10"]
[SourceQuality "1"]
[WhiteTeam "Kankaanpaa SK"]
[BlackTeam "Oulu OSS II"]
[WhiteTeamCountry "FIN"]
[BlackTeamCountry "FIN"]

1. Nf3 d5 2. c4 d4 3. e3 Nc6 4. exd4 Nxd4 5. Nxd4 Qxd4 6. d3 e5 7. Nc3 Ne7 8. Be3 Qd8 9. d4 exd4 10. Qxd4 Qxd4 11. Bxd4 Nc6 12. Be3 Bb4 13. Rc1 0-0 14. a3 Bxc3+ 15. Rxc3 Re8 16. Be2 Ne5 17. h3 Bf5 18. 0-0 Rad8 19. Rd1 Rxd1+ 20. Bxd1 Rd8 21. Be2 Nc6 22. Bf3 Nd4 23. Bxd4 Rxd4 24. Bxb7 Rd1+ 25. Kh2 Rd2 26. Rb3 Rxf2 27. Be4 g6 28. Bxf5 Rxf5 29. Rb8+ Kg7 30. b4 Rf6 31. Rb7 Ra6 32. Rxc7 Rxa3 33. b5 h5 34. c5 Rc3 35. c6 Rc5 36. Rb7 a6 37. bxa6 Rxc6 38. a7 Ra6 39. Kg3 Ra4 40. Kf3 h4 41. Ke3 g5 42. Kd3 Kg6 43. Kc3 f6 44. Kb3 Ra1 45. Kc4 Kf5 46. Kc5 Kf4 47. Rb4+ Ke3 48. Kb6 f5 49. Rb5 Rxa7 50. Kxa7 Kf4 51. Kb6 g4 52. Rb3 1-0

[Event "GER M05-A email"]
[Site "GER email"]
[Date "2016.06.26"]
[Round "?"]
[White "Bastos, Paulo Rubio Leite"]
[Black "Peuraniemi, Pertti"]
[Result "1/2-1/2"]
[WhiteElo "2460"]
[BlackElo "2452"]
[PlyCount "53"]
[EventDate "2016.??.??"]
[EventType "tourn (corr)"]
[EventRounds "15"]
[EventCountry "GER"]
[SourceTitle "Corr 2017"]
[Source "ChessBase"]
[SourceDate "2017.09.19"]
[SourceVersion "1"]
[SourceVersionDate "2017.09.19"]
[SourceQuality "1"]

1. e4 e5 2. Nf3 Nc6 3. Bb5 Nf6 4. d3 Bc5 5. Bxc6 dxc6 6. Nbd2 0-0 7. Nc4 Ng4 8. 0-0 f5 9. Qe2 fxe4 10. dxe4 Qe8 11. h3 b5 12. Ncd2 Nf6 13. Nb3 Bb6 14. Be3 Qg6 15. Bxb6 axb6 16. Nxe5 Qe8 17. f4 Nh5 18. Qe3 Nxf4 19. Rxf4 Qxe5 20. Rxf8+ Kxf8 21. Nd4 Kg8 22. Qb3+ Kh8 23. Rd1 Qxe4 24. Qg3 Be6 25. Nxe6 Qxe6 26. Qxc7 h6 27. Rd7 1/2-1/2

[Event "GER M05-A email"]
[Site "GER email"]
[Date "2016.06.26"]
[Round "?"]
[White "Broemme, Steffen"]
[Black "Peuraniemi, Pertti"]
[Result "1/2-1/2"]
[WhiteElo "2429"]
[BlackElo "2452"]
[PlyCount "47"]
[EventDate "2016.??.??"]
[EventType "tourn (corr)"]
[EventRounds "15"]
[EventCountry "GER"]
[SourceTitle "Corr 2017"]
[Source "ChessBase"]
[SourceDate "2017.09.19"]
[SourceVersion "1"]
[SourceVersionDate "2017.09.19"]
[SourceQuality "1"]

1. e4 c5 2. Nf3 d6 3. d4 cxd4 4. Nxd4 Nf6 5. Nc3 g6 6. Be3 Bg7 7. f3 0-0 8. Qd2 Nc6 9. g4 Be6 10. 0-0-0 Nxd4 11. Bxd4 Qa5 12. a3 Rab8 13. Kb1 Rfc8 14. h4 b5 15. Nd5 Qxd2 16. Rxd2 Bxd5 17. exd5 a5 18. h5 Nd7 19. g5 Ne5 20. Rf2 Ng4 21. Rg2 Bxd4 22. Rxg4 Bg7 23. hxg6 hxg6 24. Rh2 1/2-1/2

[Event "GER M05-A email"]
[Site "GER email"]
[Date "2016.06.26"]
[Round "?"]
[White "Loeschnauer, Ruediger"]
[Black "Peuraniemi, Pertti"]
[Result "1/2-1/2"]
[WhiteElo "2480"]
[BlackElo "2452"]
[PlyCount "37"]
[EventDate "2016.??.??"]
[EventType "tourn (corr)"]
[EventRounds "15"]
[EventCountry "GER"]
[SourceTitle "Corr 2017"]
[Source "ChessBase"]
[SourceDate "2017.09.19"]
[SourceVersion "1"]
[SourceVersionDate "2017.09.19"]
[SourceQuality "1"]

1. Nf3 c5 2. c4 Nf6 3. Nc3 Nc6 4. g3 d5 5. d4 e6 6. cxd5 Nxd5 7. Bg2 cxd4 8. Nxd4 Nxc3 9. bxc3 Nxd4 10. Qxd4 Qxd4 11. cxd4 Bd6 12. 0-0 Rb8 13. e4 b6 14. Bb2 f6 15. Rfc1 Bd7 16. f4 Kd8 17. Kf2 g5 18. fxg5 fxg5 19. a4 1/2-1/2

[Event "GER M05-A email"]
[Site "GER email"]
[Date "2016.06.26"]
[Round "?"]
[White "Peuraniemi, Pertti"]
[Black "Brinkmann, Wilhelm"]
[Result "1/2-1/2"]
[WhiteElo "2452"]
[BlackElo "2410"]
[PlyCount "67"]
[EventDate "2016.??.??"]
[EventType "tourn (corr)"]
[EventRounds "15"]
[EventCountry "GER"]
[SourceTitle "Corr 2017"]
[Source "ChessBase"]
[SourceDate "2017.09.19"]
[SourceVersion "1"]
[SourceVersionDate "2017.09.19"]
[SourceQuality "1"]

1. e4 c5 2. Nf3 d6 3. d4 cxd4 4. Nxd4 Nf6 5. Nc3 a6 6. Be2 e5 7. Nb3 Be7 8. 0-0 0-0 9. Be3 Be6 10. Qd3 Nbd7 11. Nd5 Bxd5 12. exd5 Ne8 13. a4 Bg5 14. a5 Rc8 15. c4 f5 16. f4 exf4 17. Bxf4 Bxf4 18. Rxf4 Ne5 19. Qc2 g6 20. Nd4 Ng7 21. b4 Re8 22. Rff1 Qg5 23. Qc1 Qe7 24. Qc3 Ng4 25. Bxg4 fxg4 26. Rae1 Qd7 27. Rd1 Qe7 28. Rfe1 Qf6 29. Qd3 Rxe1+ 30. Rxe1 Qf4 31. g3 Qf6 32. Re4 h5 33. Qe2 Rf8 34. Rf4 1/2-1/2

[Event "GER M05-A email"]
[Site "GER email"]
[Date "2016.06.26"]
[Round "?"]
[White "Peuraniemi, Pertti"]
[Black "Felkel, Siegfried"]
[Result "1/2-1/2"]
[WhiteElo "2452"]
[BlackElo "2414"]
[PlyCount "48"]
[EventDate "2016.??.??"]
[EventType "tourn (corr)"]
[EventRounds "15"]
[EventCountry "GER"]
[SourceTitle "Corr 2017"]
[Source "ChessBase"]
[SourceDate "2017.09.19"]
[SourceVersion "1"]
[SourceVersionDate "2017.09.19"]
[SourceQuality "1"]

1. e4 c5 2. Nf3 Nc6 3. Bb5 g6 4. 0-0 Bg7 5. Nc3 e5 6. d3 Nge7 7. Bc4 0-0 8. a3 d6 9. b4 cxb4 10. axb4 Nxb4 11. Ba3 Nec6 12. Qd2 Na6 13. Nb5 Nc5 14. Bd5 a6 15. Bxc6 axb5 16. Bxb5 Bg4 17. Bxc5 dxc5 18. Qe3 Be6 19. Nd2 Rxa1 20. Rxa1 Qb6 21. Bc4 Qb2 22. Ra2 Qc1+ 23. Nf1 Qb1 24. Bxe6 fxe6 1/2-1/2

[Event "GER M05-A email"]
[Site "GER email"]
[Date "2016.06.26"]
[Round "?"]
[White "Peuraniemi, Pertti"]
[Black "Kosic, Branko"]
[Result "1/2-1/2"]
[WhiteElo "2452"]
[BlackElo "2423"]
[PlyCount "63"]
[EventDate "2016.??.??"]
[EventType "tourn (corr)"]
[EventRounds "15"]
[EventCountry "GER"]
[SourceTitle "Corr 2017"]
[Source "ChessBase"]
[SourceDate "2017.09.19"]
[SourceVersion "1"]
[SourceVersionDate "2017.09.19"]
[SourceQuality "1"]

1. d4 d5 2. c4 c6 3. Nf3 Nf6 4. Nc3 dxc4 5. a4 Bf5 6. e3 e6 7. Bxc4 Bb4 8. 0-0 Nbd7 9. Nh4 Bg4 10. f3 Bh5 11. g4 Nd5 12. Ng2 Bg6 13. Na2 Be7 14. e4 N5b6 15. Bb3 a5 16. Nc3 c5 17. d5 c4 18. Bc2 exd5 19. Nxd5 Nxd5 20. Qxd5 Qc8 21. Ne3 f6 22. Qxc4 Qxc4 23. Nxc4 h5 24. gxh5 Bf7 25. Ne3 Bc5 26. Kg2 Rxh5 27. Nf5 Kf8 28. Rd1 Be6 29. Bb3 Bxb3 30. Rxd7 Be6 31. Rxb7 Bxf5 32. exf5 1/2-1/2

[Event "FIN-chT2 Gp4 1516"]
[Site "Finland"]
[Date "2015.10.11"]
[Round "3.1"]
[White "Peuraniemi, Pertti"]
[Black "Granat, Simo"]
[Result "1-0"]
[WhiteElo "1987"]
[BlackElo "1994"]
[PlyCount "79"]
[EventDate "2015.09.12"]
[EventType "team-tourn"]
[EventRounds "7"]
[EventCountry "FIN"]
[SourceTitle "EXT 2017"]
[Source "ChessBase"]
[SourceDate "2016.10.25"]
[SourceVersion "1"]
[SourceVersionDate "2016.10.25"]
[SourceQuality "1"]
[WhiteTeam "Oulu OSS II"]
[BlackTeam "Kankaanpaa SK"]
[WhiteTeamCountry "FIN"]
[BlackTeamCountry "FIN"]

1. d4 Nf6 2. Nf3 e6 3. c4 d5 4. Nc3 c6 5. e3 Bd6 6. Bd3 0-0 7. e4 dxe4 8. Nxe4 Nxe4 9. Bxe4 Nd7 10. 0-0 Nf6 11. Bc2 h6 12. b3 b6 13. Bb2 Bb7 14. Qd3 Re8 15. Rad1 Qe7 16. Ne5 Rad8 17. Ng4 Kf8 18. Nxf6 Qxf6 19. c5 bxc5 20. dxc5 Bxh2+ 21. Kxh2 Qxb2 22. Qxd8 Rxd8 23. Rxd8+ Ke7 24. Rfd1 Qe5+ 25. Kg1 Qc7 26. Rg8 g6 27. Bxg6 Qe5 28. Rgd8 fxg6 29. R1d7+ Kf6 30. Rf8+ Kg5 31. f4+ Qxf4 32. Rxf4 Kxf4 33. Rxb7 Ke4 34. Rd7 e5 35. Rd6 Ke3 36. Rxc6 e4 37. Re6 Kd4 38. c6 e3 39. c7 Kd3 40. c8Q 1-0

[Event "FIN-chT2 Gp4 1516"]
[Site "Finland"]
[Date "2015.10.10"]
[Round "2.1"]
[White "Peuraniemi, Pertti"]
[Black "Sorvari, Jarmo"]
[Result "1/2-1/2"]
[WhiteElo "1987"]
[BlackElo "2066"]
[PlyCount "75"]
[EventDate "2015.09.12"]
[EventType "team-tourn"]
[EventRounds "7"]
[EventCountry "FIN"]
[SourceTitle "EXT 2017"]
[Source "ChessBase"]
[SourceDate "2016.10.25"]
[SourceVersion "1"]
[SourceVersionDate "2016.10.25"]
[SourceQuality "1"]
[WhiteTeam "Oulu OSS II"]
[BlackTeam "Tampere Tammer III"]
[WhiteTeamCountry "FIN"]
[BlackTeamCountry "FIN"]

1. e4 c5 2. c3 d5 3. exd5 Nf6 4. Nf3 Nxd5 5. d4 e6 6. Be2 cxd4 7. Nxd4 Bc5 8. 0-0 0-0 9. Nd2 e5 10. N4b3 Be7 11. Ne4 Nf6 12. Nxf6+ Bxf6 13. Be3 Qc7 14. Bg4 Rd8 15. Qe2 Bxg4 16. Qxg4 Nc6 17. Rfd1 Ne7 18. Bg5 Bxg5 19. Qxg5 h6 20. Qe3 b6 21. Qf3 a5 22. Rxd8+ Rxd8 23. Rd1 a4 24. Na1 Ng6 25. Nc2 e4 26. Rxd8+ Qxd8 27. Qxe4 Qd1+ 28. Ne1 Qa1 29. h4 Qxb2 30. Qe8+ Nf8 31. Qxa4 Qxc3 32. Nf3 g6 33. Qb5 Qc1+ 34. Kh2 Qc7+ 35. g3 Ne6 36. a4 Qd6 37. a5 bxa5 38. Qxa5 1/2-1/2

[Event "Raahe We RaahLi"]
[Site "Raahe"]
[Date "2014.11.01"]
[Round "1"]
[White "Peuraniemi, Pertti"]
[Black "Luukkonen, Tommi"]
[Result "0-1"]
[WhiteElo "1988"]
[BlackElo "2339"]
[PlyCount "120"]
[EventDate "2014.11.01"]
[EventType "swiss"]
[EventRounds "5"]
[EventCountry "FIN"]
[SourceTitle "EXT 2022"]
[Source "ChessBase"]
[SourceDate "2021.10.06"]
[SourceVersion "1"]
[SourceVersionDate "2021.10.06"]
[SourceQuality "1"]

1. e4 c5 2. Nf3 d6 3. Bb5+ Nd7 4. Nc3 a6 5. Bxd7+ Bxd7 6. d4 cxd4 7. Nxd4 Nf6 8. 0-0 b5 9. a3 Rc8 10. Qe2 g6 11. Nd5 Bg7 12. Rd1 Rc4 13. c3 0-0 14. Bg5 Re8 15. Bxf6 exf6 16. Qd3 Rc5 17. Nb3 Rc8 18. f3 f5 19. exf5 Bxf5 20. Qd2 Be6 21. Re1 Qh4 22. Re4 Qh5 23. Nf4 Qg5 24. Nxe6 Qxd2 25. Nxd2 fxe6 26. Rae1 Kf7 27. Rf4+ Ke7 28. Rfe4 Kd7 29. Nb3 d5 30. R4e2 e5 31. Rd1 Kc6 32. Na5+ Kb6 33. Nb3 d4 34. cxd4 exd4 35. Red2 Bh6 36. Rd3 Rc2 37. Nxd4 Rxb2 38. g3 Be3+ 39. Kh1 Bxd4 40. Rxd4 Ree2 41. Rh4 h5 42. g4 hxg4 43. fxg4 Re4 44. h3 Ka5 45. Rh6 Re3 46. h4 Rh3+ 47. Kg1 Rg3+ 48. Kf1 Rh3 49. Kg1 Rg3+ 50. Kf1 Rxg4 51. Rd6 Rc4 52. Ke1 Rc3 53. Rd1 Rg3 54. Kf1 Rh3 55. Rxg6 Rh1+ 56. Rg1 Rxh4 57. Rd3 Rf4+ 58. Ke1 Rb1+ 59. Rd1 Rxd1+ 60. Kxd1 Rf3 0-1

[Event "Oulu We OSS"]
[Site "Oulu"]
[Date "2013.11.30"]
[Round "3"]
[White "Peuraniemi, Pertti"]
[Black "Manninen, Anssi"]
[Result "1/2-1/2"]
[WhiteElo "1977"]
[BlackElo "2113"]
[PlyCount "111"]
[EventDate "2013.11.30"]
[EventType "swiss"]
[EventRounds "5"]
[EventCountry "FIN"]
[SourceTitle "EXT 2022"]
[Source "ChessBase"]
[SourceDate "2021.10.06"]
[SourceVersion "1"]
[SourceVersionDate "2021.10.06"]
[SourceQuality "1"]

1. e4 c5 2. Nf3 d6 3. Bb5+ Bd7 4. Bxd7+ Qxd7 5. 0-0 Nf6 6. Qe2 Nc6 7. c3 e6 8. d4 cxd4 9. cxd4 d5 10. e5 Ne4 11. Nbd2 Nxd2 12. Bxd2 Be7 13. Rac1 0-0 14. Rc3 Rfc8 15. Qd3 h6 16. Rfc1 a6 17. Be3 Nb4 18. Qb1 b5 19. a3 Nc6 20. Qc2 Na7 21. Rc7 Rxc7 22. Qxc7 Qxc7 23. Rxc7 Bd8 24. Rc1 Rc8 25. Rxc8 Nxc8 26. Ne1 Kf8 27. b4 Ke8 28. Kf1 Kd7 29. Ke2 Nb6 30. Nd3 Be7 31. f4 Nc4 32. Bc1 Kc6 33. g4 a5 34. f5 a4 35. fxe6 fxe6 36. Nf4 Bg5 37. Kf3 Kd7 38. Kg3 Bxf4+ 39. Kxf4 g5+ 40. Kf3 Ke7 41. h3 Kf7 42. Kg3 Kg6 43. Kf3 Nb6 44. Ke3 h5 45. Kf3 h4 46. Ke3 Nc8 47. Kf3 Ne7 48. Kf2 Nc6 49. Ke3 Kh6 50. Kd3 Ne7 51. Ke2 Ng6 52. Kf3 Nf8 53. Ke3 Nd7 54. Kf3 Nb6 55. Ke3 Nc4+ 56. Kf3 1/2-1/2